[Event "Rhein Main op-A 25th"]
[Site "Bad Homburg"]
[Date "2023.06.10"]
[Round "5"]
[White "Rabiya, Karim"]
[Black "Teschler, Ulrich"]
[Result "0-1"]
[WhiteElo "1750"]
[BlackElo "1966"]
[PlyCount "58"]
[EventDate "2023.06.07"]
[EventType "swiss"]
[EventRounds "7"]
[EventCountry "GER"]
[SourceTitle "CBM 215 Extra"]
[Source "ChessBase"]
[SourceDate "2023.09.30"]
[SourceVersion "1"]
[SourceVersionDate "2023.09.30"]
[SourceQuality "1"]

1. e4 e6 2. d4 d5 3. Nc3 Nf6 4. e5 Nfd7 5. f4 c5 6. Nf3 Nc6 7. Ne2 cxd4 8. Nexd4 Nxd4 9. Nxd4 a6 10. c3 Nc5 11. Bd3 Nxd3+ 12. Qxd3 Qb6 13. Be3 Qxb2 14. 0-0 Qb6 15. Rab1 Qc7 16. f5 exf5 17. Nxf5 Bxf5 18. Qxf5 Bc5 19. Bxc5 Qxc5+ 20. Kh1 Qe7 21. Qf3 Rd8 22. c4 0-0 23. cxd5 Qxe5 24. Rxb7 Qxd5 25. h3 Qxa2 26. Ra7 h6 27. Qb7 Rd6 28. Rb1 Rf6 29. Qb3 Rf1+ 0-1

[Event "Rhein Main op-A 25th"]
[Site "Bad Homburg"]
[Date "2023.06.09"]
[Round "4"]
[White "Barthel, Bergit"]
[Black "Rabiya, Karim"]
[Result "0-1"]
[WhiteElo "1903"]
[BlackElo "1750"]
[PlyCount "62"]
[EventDate "2023.06.07"]
[EventType "swiss"]
[EventRounds "7"]
[EventCountry "GER"]
[SourceTitle "CBM 215 Extra"]
[Source "ChessBase"]
[SourceDate "2023.09.30"]
[SourceVersion "1"]
[SourceVersionDate "2023.09.30"]
[SourceQuality "1"]

1. e4 e5 2. Nf3 Nc6 3. d4 exd4 4. Nxd4 Nf6 5. Nxc6 bxc6 6. e5 Nd5 7. c4 Nb6 8. Bd3 d5 9. Nd2 Be6 10. Qc2 Qg5 11. 0-0 Bh3 12. g3 Bxf1 13. Nxf1 Qe7 14. Be3 dxc4 15. Be4 Qe6 16. f4 g6 17. Rd1 Rd8 18. f5 gxf5 19. Bxf5 Qxe5 20. Re1 Be7 21. Qf2 Qf6 22. Bc5 Rd6 23. Nd2 Qxb2 24. Bxd6 cxd6 25. a4 c3 26. Qd4 cxd2 27. Rxe7+ Kxe7 28. Qxb2 d1Q+ 29. Kf2 f6 30. a5 Qh5 31. g4 Qxh2+ 0-1

[Event "DSOL 02 Liga Gr-B 1st"]
[Site "Playchess.com INT"]
[Date "2020.08.13"]
[Round "2.3"]
[White "Rabiya, Karim"]
[Black "Henn, Marcus"]
[Result "0-1"]
[WhiteElo "1751"]
[BlackElo "1976"]
[PlyCount "60"]
[EventDate "2020.06.22"]
[EventType "team-tourn (rapid)"]
[EventCountry "GER"]
[SourceTitle "EXT 2021"]
[Source "ChessBase"]
[SourceDate "2020.10.23"]
[SourceVersion "1"]
[SourceVersionDate "2020.10.23"]
[SourceQuality "1"]
[WhiteTeam "Niederbrechen"]
[BlackTeam "Erkenschwick"]
[WhiteTeamCountry "GER"]
[BlackTeamCountry "GER"]

1. e4 e5 2. Bc4 Nf6 3. Nc3 Nc6 4. d3 Bc5 5. f4 d6 6. f5 Na5 7. Bg5 c6 8. Nf3 0-0 9. Qe2 b5 10. Bb3 Re8 11. 0-0-0 Nxb3+ 12. axb3 a5 13. d4 exd4 14. Nxd4 Bd7 15. Rhe1 a4 16. bxa4 bxa4 17. Qc4 Qa5 18. Bxf6 gxf6 19. Re3 a3 20. Rg3+ Kf8 21. bxa3 Qxa3+ 22. Kd2 Rab8 23. Nb3 Qb4 24. Qxb4 Bxb4 25. Kd3 d5 26. Ke2 Bxf5 27. Kf1 dxe4 28. Rd4 e3 29. Rf3 Bxc3 30. Rdf4 e2+ 0-1

[Event "Pfalz op-B 11th"]
[Site "Neustadt an der Weinstrasse"]
[Date "2020.02.24"]
[Round "7"]
[White "Rabiya, Karim"]
[Black "Ziegler, Ulrich"]
[Result "1-0"]
[WhiteElo "1793"]
[BlackElo "1672"]
[PlyCount "61"]
[EventDate "2020.02.21"]
[EventType "swiss"]
[EventRounds "7"]
[EventCountry "GER"]
[SourceTitle "CBM 195 Extra"]
[Source "ChessBase"]
[SourceDate "2020.05.31"]
[SourceVersion "1"]
[SourceVersionDate "2020.05.31"]
[SourceQuality "1"]

1. e4 c5 2. Nf3 Nc6 3. d4 cxd4 4. Nxd4 g6 5. Nxc6 bxc6 6. Qd4 f6 7. Bc4 Qb6 8. Qc3 e6 9. 0-0 Bg7 10. Be3 c5 11. a4 Ne7 12. f4 0-0 13. Kh1 Kh8 14. Bb5 d6 15. Nd2 f5 16. Qd3 fxe4 17. Nxe4 Nf5 18. a5 Qc7 19. Bg1 a6 20. Ba4 Rd8 21. c3 Bb7 22. Bb3 Qe7 23. Ng5 d5 24. Rae1 c4 25. Qh3 Nh6 26. Rxe6 Qd7 27. Bc2 Rf8 28. Bd4 Rae8 29. f5 Rxe6 30. Qxh6 Be5 31. Qxf8# 1-0

[Event "Heusenstamm Sparkassen op-A 6th"]
[Site "Heusenstamm"]
[Date "2019.11.23"]
[Round "5"]
[White "Rabiya, Karim"]
[Black "Niedenthal, Robert"]
[Result "1-0"]
[WhiteElo "1816"]
[BlackElo "1686"]
[PlyCount "65"]
[EventDate "2019.11.21"]
[EventType "swiss"]
[EventRounds "7"]
[EventCountry "GER"]
[SourceTitle "CBM 194 Extra"]
[Source "ChessBase"]
[SourceDate "2020.03.31"]
[SourceVersion "1"]
[SourceVersionDate "2020.03.31"]
[SourceQuality "1"]

1. e4 d5 2. exd5 Nf6 3. Nf3 Bg4 4. c4 c6 5. dxc6 Nxc6 6. Be2 e5 7. Nc3 Be7 8. h3 Bh5 9. 0-0 Bg6 10. d3 0-0 11. Bg5 Qd7 12. Bxf6 Bxf6 13. Nd5 Bd8 14. d4 Qe6 15. dxe5 Nxe5 16. Re1 Re8 17. Qd2 Qc6 18. Nxe5 Rxe5 19. Bf3 Rxe1+ 20. Rxe1 Qa4 21. b3 Ba5 22. b4 Bd8 23. Bd1 Qc6 24. b5 Bg5 25. Qxg5 Qxc4 26. Bb3 Qd4 27. Ne7+ Kf8 28. Nxg6+ hxg6 29. Qe7+ Kg8 30. Bxf7+ Kh8 31. Re4 Qd1+ 32. Kh2 g5 33. Rh4+ 1-0

[Event "Wiesbaden op 31st"]
[Site "Wiesbaden"]
[Date "2019.08.24"]
[Round "4"]
[White "Rabiya, Karim"]
[Black "Lehmann, Wolfgang"]
[Result "1-0"]
[WhiteElo "1797"]
[BlackElo "1599"]
[PlyCount "65"]
[EventDate "2019.08.22"]
[EventType "swiss"]
[EventRounds "7"]
[EventCountry "GER"]
[SourceTitle "EXT 2020"]
[Source "ChessBase"]
[SourceDate "2019.10.17"]
[SourceVersion "1"]
[SourceVersionDate "2019.10.17"]
[SourceQuality "1"]

1. e4 c6 2. Nc3 d5 3. Nf3 dxe4 4. Nxe4 Nf6 5. Nxf6+ exf6 6. d4 Be7 7. Bf4 0-0 8. Bd3 Bg4 9. h3 Be6 10. 0-0 Bd6 11. Qd2 Qc7 12. Bxd6 Qxd6 13. c4 b6 14. Rac1 Qd7 15. Qf4 Qd8 16. Rfd1 Nd7 17. Be4 Rc8 18. d5 cxd5 19. cxd5 Rxc1 20. Rxc1 Bxd5 21. Bxd5 Nc5 22. Rd1 Qb8 23. Qxb8 Rxb8 24. b4 Na6 25. a3 Nc7 26. Bc4 Kf8 27. Bxf7 Nb5 28. Be6 Nxa3 29. Rd7 Nb5 30. Rf7+ Ke8 31. Rxg7 Rd8 32. Bf7+ Ke7 33. Bc4+ 1-0

[Event "Wiesbaden op 31st"]
[Site "Wiesbaden"]
[Date "2019.08.23"]
[Round "3"]
[White "Haack, Kevin"]
[Black "Rabiya, Karim"]
[Result "1-0"]
[WhiteElo "2031"]
[BlackElo "1797"]
[PlyCount "55"]
[EventDate "2019.08.22"]
[EventType "swiss"]
[EventRounds "7"]
[EventCountry "GER"]
[SourceTitle "EXT 2020"]
[Source "ChessBase"]
[SourceDate "2019.10.17"]
[SourceVersion "1"]
[SourceVersionDate "2019.10.17"]
[SourceQuality "1"]

1. c4 e5 2. Nc3 Nc6 3. Nf3 Nf6 4. e4 d6 5. h3 Be7 6. d4 exd4 7. Nxd4 Bd7 8. Be3 0-0 9. Be2 Re8 10. Qc2 Nxd4 11. Bxd4 Bc6 12. Nd5 Nxd5 13. exd5 Bd7 14. 0-0 Bf6 15. Be3 Bg5 16. Bd3 g6 17. Bxg5 Qxg5 18. f4 Qf6 19. f5 Qd4+ 20. Kh1 Re3 21. Rad1 Rae8 22. fxg6 f6 23. gxh7+ Kg7 24. Bg6 Qh4 25. Bxe8 Bxe8 26. Qf2 Qg5 27. Qxf6+ Qxf6 28. Rxf6 1-0